Scottish Parliamentary Political Parties - Statistics

General Stats
  • This quiz has been taken 63 times
  • The average score is 6 of 8
Answer Stats
Answer Years % Correct
Conservative & Unionist Party 1999 - Present
100%
Labour Party 1999 - Present
100%
Scottish National Party 1999 - Present
100%
Liberal Democrats 1999 - Present
98%
Scottish Green Party 1999 - Present
98%
Scottish Socialist Party 1999 - 2007
66%
Solidarity 2006 - 2007
25%
Scottish Senior Citizens Unity Party 2003 - 2007
13%
No matching quizzes found
Score Distribution
Percent of People with Each Score
Percentile by Number Answered
Your Score History
You have not taken this quiz